LIBRARY & INFORMATION CENTRE, KCAET, TAVANUR

ONLINE PUBLIC ACCESS CATALOGUE (OPAC)

Soil Chemistry (Record no. 14718)

MARC details
000 -LEADER
fixed length control field 00382nam a22001577a 4500
020 ## - INTERNATIONAL STANDARD BOOK NUMBER
ISBN 9788126530007
082 ## - DEWEY DECIMAL CLASSIFICATION NUMBER
Classification number 631.43
Item number BOH/SO
100 ## - MAIN ENTRY--AUTHOR NAME
Personal name Bohn,Hinrich L.
100 ## - MAIN ENTRY--AUTHOR NAME
Personal name McNeal, Brian L.
100 ## - MAIN ENTRY--AUTHOR NAME
Personal name O'connor, George A.
245 ## - TITLE STATEMENT
Title Soil Chemistry
250 ## - EDITION STATEMENT
Edition statement 3 rd
260 ## - PUBLICATION, DISTRIBUTION, ETC. (IMPRINT)
Place of publication New Delhi
Name of publisher Wiley India Pvt. Ltd.
Year of publication 2011
300 ## - PHYSICAL DESCRIPTION
Number of Pages 307
942 ## - ADDED ENTRY ELEMENTS (KOHA)
Koha item type Book Bank scheme for SC students
Holdings
Withdrawn status Lost status Damaged status Collection code Home library Current library Shelving location Date acquired Source of acquisition Cost, normal purchase price Full call number Accession Number Koha item type
        KAUAET KAUAET Scheme 22/08/2016 Calicut Book Daistributors, Calicut. 0.00 631.43 BOH/SO BB 271 Book Bank scheme for SC students
free website counter